000 00314nam a22001337a 4500
020 _a817826318-1
082 _a823
_bROH/D
100 _aROHAN BOOK COMPANY
245 _aTHE PIED PIPER OF HAMELIN
260 _aDELHI
_bROHAN BOOK COMPANY
_c2003
300 _a208
650 _aMODERN ILLUSTRATED CLASSICS
942 _cBK
999 _c340
_d340